000225461 001__ 225461
000225461 005__ 20250630143452.0
000225461 0247_ $$2URN$$aurn:nbn:de:hebis:26-opus-149949
000225461 037__ $$aGSI-2020-00295
000225461 041__ $$aEnglish
000225461 1001_ $$0P:(DE-HGF)0$$aMiskun, Ivan$$b0$$gmale
000225461 245__ $$aA novel method for the measurement of half-lives and decay branching ratios of exotic nuclei with the FRS Ion Catcher
000225461 260__ $$aGiessen$$c2019
000225461 300__ $$a131 p.
000225461 3367_ $$2DataCite$$aOutput Types/Dissertation
000225461 3367_ $$2ORCID$$aDISSERTATION
000225461 3367_ $$2BibTeX$$aPHDTHESIS
000225461 3367_ $$02$$2EndNote$$aThesis
000225461 3367_ $$0PUB:(DE-HGF)11$$2PUB:(DE-HGF)$$aDissertation / PhD Thesis$$bphd$$mphd$$s1714389881_4176772
000225461 3367_ $$2DRIVER$$adoctoralThesis
000225461 502__ $$aDissertation, Justus-Liebig-Universität Gießen, 2019$$bDissertation$$cJustus-Liebig-Universität Gießen$$d2019$$o2019-12-20
000225461 536__ $$0G:(DE-HGF)POF3-612$$a612 - Cosmic Matter in the Laboratory (POF3-612)$$cPOF3-612$$fPOF III$$x0
000225461 536__ $$0G:(DE-Ds200)HGS-HIRe$$aHGS-HIRe - HGS-HIRe for FAIR (HGS-HIRe)$$cHGS-HIRe$$x1
000225461 536__ $$0G:(Ds200)GSI-FAIR-Phase-0$$aFAIR Phase-0 - FAIR Phase-0 Research Program (GSI-FAIR-Phase-0)$$cGSI-FAIR-Phase-0$$x2
000225461 693__ $$0EXP:(DE-Ds200)Altdaten-20200803$$1EXP:(DE-Ds200)Altdaten-20200803$$aFacility Altdaten therefore no facility$$x0
000225461 7870_ $$0GSI-2024-00534$$aDickel, Timo et.al.$$d2024$$iRelatedTo$$r$$tFRS Ion Catcher
000225461 909CO $$ooai:repository.gsi.de:225461$$pVDB
000225461 9131_ $$0G:(DE-HGF)POF3-612$$1G:(DE-HGF)POF3-610$$2G:(DE-HGF)POF3-600$$3G:(DE-HGF)POF3$$4G:(DE-HGF)POF$$aDE-HGF$$bForschungsbereich Materie$$lMaterie und Universum$$vCosmic Matter in the Laboratory$$x0
000225461 9132_ $$0G:(DE-HGF)POF4-612$$1G:(DE-HGF)POF4-610$$2G:(DE-HGF)POF4-600$$3G:(DE-HGF)POF4$$4G:(DE-HGF)POF$$aDE-HGF$$bForschungsbereich Materie$$lMatter and the Universe$$vCosmic Matter in the Laboratory$$x0
000225461 9141_ $$y2020
000225461 920__ $$lyes
000225461 9201_ $$0I:(DE-Ds200)FRS-20110310OR124$$kFRS$$lFRS / SFRS Experimente$$x0
000225461 9201_ $$0I:(DE-Ds200)Coll-FAIR-SuperFRS-EC$$kSuperFRS-EC@FAIR$$lSuperFRS Experiment Collaboration$$x1
000225461 980__ $$aphd
000225461 980__ $$aVDB
000225461 980__ $$aI:(DE-Ds200)FRS-20110310OR124
000225461 980__ $$aUNRESTRICTED
000225461 980__ $$aI:(DE-Ds200)Coll-FAIR-SuperFRS-EC